000 00307 a2200157 4500
001 59053
020 _a
040 _cAnchieta - Pituba
100 _aFelix, AnĂ­sio
240 1 0 _aBahia, carnaval
_lpor
245 1 0 _aBahia, carnaval
300 _a293
362 0 _a1993
650 4 _aBahia
942 _cBK
999 _c59053
_d59053